Armas vivas (Registo nº 5986)

Detalhes MARC
000 -Etiqueta do registo
Valores 00817cam a2200265 04500
010 ## - Número ISBN
ISBN 9724500942
021 ## - Número do Depósito Legal
Número 51246/91
100 ## - Dados gerais de processamento
Dados gerais 20211231d1990 a||y0pory5003 ba
200 1# - Titulo e menção de responsabilidade
Título próprio Armas vivas
Primeira menção de responsabilidade J.-C. Mezieres, P. Christin
Outras menções de responsabilidade trad. João Luís Gomes
210 #9 - Publicação
Local de publicação Lisboa
Nome do editor Meribérica-Liber
Data de publicação D.L. 1991
215 ## - Descrição física 
Paginação / Volumes 56 p.
Outras indicações físicas todo il.
225 2# - Colecção 
Título próprio da colecção Valerian agente espácio - temporal
304 ## - Nota relativa ao título
Texto de nota Tít. orig.: Les armes vivantes
606 ## - Nome comum usado como assunto
ID Autoridade 1862
Palavra de ordem Banda Desenhada
675 ## - CDU
Notação 087.5
Edição BN
Língua por
675 ## - CDU
Notação 741(=1:44)"19/20"
Edição BN
Língua por
675 ## - CDU
Notação 821.133.1-9"19/20"
Edição BN
Língua por
700 ## - Autor principal (pessoa individual)
Apelido Mezieres
Nome J.-C.
Datas 1938-2022
ID Autoridade 4751
701 ## - Co-autor principal (pessoa individual)
Apelido Christin
Nome P.
Datas 1938-
ID Autoridade 4752
702 ## - Autor secundário (pessoa individual)
Apelido Gomes
Nome João Luís
ID Autoridade 5665
801 #0 - Fonte de origem
País PT
Agência BMVN
Regras de catalogação RPC
830 ## - Notas gerais do catalogador
Criado por Inês Silva
Data de criação 31/12/2021
990 ## - Elementos KOHA
Tipo de documento Livro
Exemplares
Situação do levantamento Biblioteca de origem Código de barras Cota Permissão de empréstimo Tipo de documento Forma de aquisição
  Biblioteca Municipal de Vendas Novas 100000002104 BD VAL/ARM   Livro  

Powered by Koha